[Event "Challenge"]
[Site "http://www.queenalice.com/game.php?id=722053"]
[Date "2010.1.29"]
[Round "-"]
[White "hal50buck"]
[Black "dontar"]
[Result "1/2-1/2"]
[WhiteElo "1731"]
[BlackElo "1647"]

1. e4 e5 2. Nf3 d6 3. Bc4 h6 4. d4 Be7 5. Be3 Bf6 6. c3 Qe7 7. Qb3 b6 8. Nbd2
Be6 9. O-O Qd7 10. d5 Bg4 11. Ne1 a6 12. f3 Bh3 13. Be2 Ne7 14. Nc4 Nc8 15. Na5
b5 16. Bc4 O-O 17. Be2 Ne7 18. c4 c6 19. c5 Qc8 20. cxd6 Ng6 21. Rf2 Bd7 22. Rc1
Bd8 23. Nxc6 Nxc6 24. dxc6 Bxc6 25. f4 Bf6 26. f5 Nh8 27. Nd3 Qd7 28. Nc5 Qxd6
29. Bf3 Rfd8 30. Rd2 Qe7 31. Rcd1 Rxd2 32. Rxd2 Rd8 33. Qc3 Rxd2 34. Qxd2 Qf8
35. Nxa6 Be7 36. b4 f6 37. Nc5 Nf7 38. Nd3 Qa8 39. Nf2 Nd6 40. Qb2 Bxe4 41. Nxe4
Nxe4 42. a3 Qc6 43. Bc5 Bxc5+ 44. bxc5 Qxc5+ 45. Kf1 Nd6 46. g4 Qe3 47. Kg2 e4
48. Bd1 Qf4 49. Qf2 Qxf2+ 50. Kxf2 Nc4 51. Bb3 Kf8 52. a4 Na5 53. Bc2 bxa4 54.
Bxa4 Nc4 55. Ke2 Ne5 56. h3 Ke7 57. Ke3 Nd3 58. h4 Ne5 59. Kf4 Nd3+ 60. Ke3 Kd6
61. Bd1 Ke5 62. Be2 Ne1 63. Kf2 Nd3+ 64. Ke3 Nc1 65. Bf1 Nb3 66. Bg2 Nd4 67.
Bxe4 Ne2 1/2-1/2

[Event "Challenge"]
[Site "http://www.queenalice.com/game.php?id=746869"]
[Date "2010.3.16"]
[Round "-"]
[White "dontar"]
[Black "hal50buck"]
[Result "0-1"]
[WhiteElo "1636"]
[BlackElo "1728"]

1. e4 Nc6 2. d4 d5 3. e5 f6 4. exf6 Nxf6 5. Be2 e5 6. dxe5 Nxe5 7. h3 Bd6 8. Bg5
O-O 9. Qxd5+ Nxd5 10. Bxd8 Rxd8 11. Nf3 Nb4 12. Na3 Nxf3+ 13. Bxf3 Re8+ 14. Be2
Bd7 15. c3 Nd3+ 0-1

[Event "Challenge"]
[Site "http://www.queenalice.com/game.php?id=753829"]
[Date "2010.3.30"]
[Round "-"]
[White "dontar"]
[Black "hal50buck"]
[Result "0-1"]
[WhiteElo "1615"]
[BlackElo "1740"]

1. d4 d5 2. Bf4 Nc6 3. Nf3 Bg4 4. Ne5 Nxe5 5. Bxe5 e6 6. h3 Bh5 7. Qd3 c6 8. Qb3
b6 9. Qc3 Rc8 10. e3 b5 11. a3 a5 12. Bd3 f6 13. Bg3 a4 14. Qd2 Bd6 15. f4 f5
16. Be2 Bxe2 17. Qxe2 Qb6 18. Qh5+ g6 19. Qe2 Nf6 20. Nd2 Ne4 21. Nxe4 dxe4 22.
O-O O-O 23. Bh4 c5 24. c3 b4 25. Qc4 Rfe8 26. d5 e5 27. Bg5 Kg7 28. fxe5 Bxe5
29. Kf2 bxc3 30. bxc3 Qb2+ 31. Kg1 Qb7 32. Bf4 Bxf4 33. exf4 Qd7 34. Rab1 e3 35.
Rfe1 Re4 36. Qd3 c4 37. Qd1 Rce8 38. g3 e2 39. Qd2 Kh6 40. Kf2 Qa7+ 41. Kf3 Re3+
42. Kg2 Rd3 43. Qc2 Ree3 44. Rxe2 Rxg3+ 0-1

[Event "2:2:1"]
[Site "http://www.queenalice.com/game.php?id=770446"]
[Date "2010.5.4"]
[Round "-"]
[White "dontar"]
[Black "hal50buck"]
[Result "1-0"]
[WhiteElo "1625"]
[BlackElo "1723"]

1. d4 d5 2. Bf4 Nc6 3. Nf3 Bg4 4. Ne5 Nxe5 5. dxe5 e6 6. Qd4 h5 7. h4 Bf5 8.
Qa4+ c6 9. Nd2 Bc5 10. e3 d4 11. e4 Bg6 12. Bd3 f5 13. Qc4 b6 14. Qxe6+ Ne7 15.
a3 Bf7 16. Qxf7+ Kxf7 17. b4 Ng6 18. Bg5 Qb8 19. bxc5 Nxe5 20. O-O Ng4 21. Nf3
b5 22. exf5 Re8 23. g3 Ne3 24. Bf4 Qd8 25. fxe3 dxe3 26. Rae1 Qa5 27. Bxe3 Qxa3
28. Bf2 Rec8 29. Re6 Kg8 30. Rfe1 Rd8 31. Ne5 Qc3 32. Nxc6 Rxd3 33. cxd3 Qxd3
34. R1e5 Qd1+ 35. Kg2 a5 36. Rd6 Qa1 37. Ne7+ Kf7 38. Ng6 1-0

[Event "2-3-1"]
[Site "http://www.queenalice.com/game.php?id=794213"]
[Date "2010.6.23"]
[Round "-"]
[White "hal50buck"]
[Black "dontar"]
[Result "1-0"]
[WhiteElo "1710"]
[BlackElo "1688"]

1. e4 e5 2. Nf3 d6 3. d4 Bg4 4. dxe5 Be7 5. h3 Bxf3 6. Qxf3 dxe5 7. Bc4 Bf6 8.
Qb3 Qd7 9. Qxb7 Qd4 10. Qxa8 Qb6 11. O-O Ne7 12. Be3 Qxb2 13. Nd2 O-O 14. Rab1
Nbc6 15. Qxf8+ 1-0

[Event "3-3-1"]
[Site "http://www.queenalice.com/game.php?id=804483"]
[Date "2010.7.17"]
[Round "-"]
[White "dontar"]
[Black "hal50buck"]
[Result "1-0"]
[WhiteElo "1673"]
[BlackElo "1725"]

1. e4 e5 2. Nf3 Nc6 3. d4 exd4 4. Nxd4 Nf6 5. Nxc6 bxc6 6. e5 Nd5 7. Bd2 Bc5 8.
Qg4 h5 9. Qxg7 Rf8 10. Be2 Qh4 11. Qg3 Qxg3 12. hxg3 Bd4 13. c3 Bxe5 14. Rxh5 d6
15. Bc4 Be6 16. Ba6 Kd7 17. f4 Nf6 18. Rh4 Ng4 19. fxe5 Nxe5 20. Be2 Rg8 21. Bf4
Ng6 22. Rh1 Rae8 23. Nd2 Bg4 24. Nf3 Bf5 25. Rd1 Nxf4 26. gxf4 Kd8 27. Kf2 c5
28. Bc4 Rg7 29. Ne5 Kc8 30. Ba6+ Kb8 31. Rde1 dxe5 32. Rxe5 Rgg8 33. Rxf5 Rg6
34. Bc4 Rd6 35. Rd5 Red8 36. Rhd1 Kb7 37. b4 1-0

[Event "3-4-1"]
[Site "http://www.queenalice.com/game.php?id=822651"]
[Date "2010.8.24"]
[Round "-"]
[White "hal50buck"]
[Black "dontar"]
[Result "1-0"]
[WhiteElo "1707"]
[BlackElo "1725"]

1. e4 e5 2. Nf3 d6 3. d4 Bg4 4. dxe5 Qd7 5. Be2 h6 6. exd6 Bxd6 7. O-O Nf6 8. e5
Bxe5 9. Nxe5 Qxd1 10. Bxd1 Bxd1 11. Rxd1 O-O 12. Nc3 Re8 13. f4 c6 14. Be3 b6
15. Rd3 c5 16. Nb5 Re7 17. Rd8+ Re8 18. Rad1 Na6 19. Rxa8 Rxa8 20. Nc6 Nb4 21.
Nc7 Rf8 22. Nxb4 cxb4 23. Nb5 Re8 24. Bf2 Re7 25. Bh4 Re2 26. Bxf6 gxf6 27. Nd4
1-0

[Event "4-4-1"]
[Site "http://www.queenalice.com/game.php?id=836023"]
[Date "2010.9.21"]
[Round "-"]
[White "dontar"]
[Black "hal50buck"]
[Result "0-1"]
[WhiteElo "1708"]
[BlackElo "1724"]

1. e4 Nc6 2. d4 d5 3. e5 f6 4. exf6 Nxf6 5. Be2 e5 6. dxe5 Nxe5 7. Bf4 Bd6 8.
Qd2 a5 9. Nf3 Nxf3+ 10. Bxf3 Bxf4 11. Qxf4 O-O 12. O-O Ne4 13. Qe3 Ng5 14. Qd3
Nxf3+ 15. gxf3 Bh3 16. f4 Bxf1 17. Kxf1 Rxf4 18. c4 Rxc4 0-1

[Event "Challenge"]
[Site "http://www.queenalice.com/game.php?id=845897"]
[Date "2010.10.14"]
[Round "-"]
[White "dontar"]
[Black "hal50buck"]
[Result "0-1"]
[WhiteElo "1671"]
[BlackElo "1739"]

1. e4 Nc6 2. Bb5 Nd4 3. Nc3 Nxb5 4. Nxb5 c6 5. Na3 d5 6. e5 Bf5 7. d4 f6 8. Bf4
g5 9. Bg3 Bg7 10. h3 fxe5 11. dxe5 Qb6 12. b3 Qb4+ 13. Qd2 Qxa3 14. Ne2 h6 15.
O-O O-O-O 16. Nd4 e6 17. c3 Ne7 18. b4 a5 19. b5 Rhe8 20. b6 Kb8 21. f3 c5 22.
Nb5 Qa4 23. Nd6 Rf8 24. Rfe1 Bg6 25. Qe3 Qc6 26. c4 Qxb6 27. Reb1 Bxb1 0-1

[Event "4:6:1"]
[Site "http://www.queenalice.com/game.php?id=857036"]
[Date "2010.11.10"]
[Round "-"]
[White "dontar"]
[Black "hal50buck"]
[Result "0-1"]
[WhiteElo "1658"]
[BlackElo "1752"]

1. d4 d5 2. Bd2 Nc6 3. Bc3 Bf5 4. Nf3 Nf6 5. Nbd2 Ne4 6. e3 e6 7. Bd3 Bd6 8. Qe2
g5 9. Bb5 Nxc3 10. Bxc6+ bxc6 11. bxc3 Bxc2 12. O-O Ba4 13. Qa6 Bb5 0-1

[Event "Challenge"]
[Site "http://www.queenalice.com/game.php?id=881582"]
[Date "2011.1.5"]
[Round "-"]
[White "dontar"]
[Black "hal50buck"]
[Result "0-1"]
[WhiteElo "1642"]
[BlackElo "1764"]

1. e3 e5 2. Bb5 Nf6 3. Nf3 e4 4. Nd4 Nc6 5. Nxc6 dxc6 6. Ba4 Bd6 7. Nc3 O-O 8.
h3 Be6 9. Qe2 b5 10. Bb3 b4 11. Bxe6 fxe6 12. Nb1 g5 13. g4 a5 14. Qc4 Qd7 15.
d3 exd3 16. Qxd3 c5 17. Nd2 Qc6 18. Qf1 Nd7 19. Nc4 Bg3 20. Ke2 Qf3+ 21. Kd2
Qd5+ 0-1

[Event "Challenge"]
[Site "http://www.queenalice.com/game.php?id=1058478"]
[Date "2012.5.11"]
[Round "-"]
[White "dontar"]
[Black "hal50buck"]
[Result "0-1"]
[WhiteElo "1631"]
[BlackElo "1775"]

1. e4 e5 2. Nf3 Nc6 3. c3 Nf6 4. d4 Bd6 5. d5 Ne7 6. Bd3 O-O 7. Qe2 c6 8. c4 a6
9. Be3 cxd5 10. cxd5 Nexd5 11. O-O Nxe3 12. Qxe3 b5 13. a3 Ng4 14. Qg5 Nf6 15.
b4 Bb7 16. Nbd2 Bc7 17. Qf5 d6 18. Ng5 Bc8 19. Qf3 h6 20. Nh3 Bg4 21. Qe3 d5 22.
f3 Bb6 0-1

[Event "Challenge"]
[Site "http://www.queenalice.com/game.php?id=1068752"]
[Date "2012.6.6"]
[Round "-"]
[White "dontar"]
[Black "hal50buck"]
[Result "0-1"]
[WhiteElo "1644"]
[BlackElo "1785"]

1. e4 e5 2. Bc4 Nf6 3. Nc3 Nc6 4. d3 Bc5 5. Bg5 h6 6. Bxf6 Qxf6 7. Nf3 O-O 8.
O-O Ne7 9. Rb1 a5 10. a3 d6 11. Nd5 Nxd5 12. Bxd5 Bb6 13. h3 c6 14. Bc4 Bc7 15.
c3 b5 16. Bb3 a4 17. Bc2 Be6 18. b3 axb3 19. Bxb3 Rxa3 20. Qc2 Bxh3 21. gxh3
Qxf3 22. Kh2 d5 23. Rg1 Bb6 24. Qd1 Qxf2+ 25. Rg2 Qf4+ 26. Kh1 dxe4 27. Qg4 Qxg4
28. Rxg4 exd3 29. Kg2 d2 30. Rg3 Rd8 31. Bd1 Ba5 32. Kf2 Bxc3 33. Ke2 b4 34. Rb3
Rxb3 35. Bxb3 d1=Q+ 36. Bxd1 Rd2+ 0-1

[Event "0-9"]
[Site "http://www.queenalice.com/game.php?id=1077231"]
[Date "2012.6.28"]
[Round "-"]
[White "dontar"]
[Black "hal50buck"]
[Result "0-1"]
[WhiteElo "1657"]
[BlackElo "1795"]

1. e4 Nc6 2. d4 d5 3. e5 f6 4. exf6 Nxf6 5. Bg5 Bf5 6. Bxf6 gxf6 7. Bd3 Bxd3 8.
Qxd3 e5 9. c3 e4 10. Qe2 Bg7 11. Qh5+ Kf8 12. Nd2 Ne7 13. Nf1 c6 14. Ne3 Qe8 15.
Qh3 b5 16. b4 a5 17. Nc2 axb4 18. Nxb4 h5 19. Ne2 Qc8 20. Qxc8+ Rxc8 21. h4 f5
22. g3 c5 23. Nc2 Kf7 24. Ne3 b4 25. O-O bxc3 26. Rfc1 cxd4 27. Nf1 d3 28. Nxc3
Bxc3 29. Rab1 d4 30. Rd1 Ra8 0-1

[Event "Challenge"]
[Site "http://www.queenalice.com/game.php?id=1083125"]
[Date "2012.7.15"]
[Round "-"]
[White "dontar"]
[Black "hal50buck"]
[Result "0-1"]
[WhiteElo "1632"]
[BlackElo "1805"]

1. e4 Nc6 2. Nf3 Nf6 3. e5 Ng4 4. d4 d6 5. Bb5 dxe5 6. Bxc6+ bxc6 7. h3 e4 8.
Ne5 Nxe5 9. dxe5 Qxd1+ 10. Kxd1 f6 11. exf6 gxf6 12. g4 h5 13. g5 Bf5 14. gxf6
exf6 15. Be3 a5 16. a3 h4 17. Nc3 c5 18. Nd5 Rd8 19. c4 c6 0-1

[Event "Challenge"]
[Site "http://www.queenalice.com/game.php?id=1087400"]
[Date "2012.7.27"]
[Round "-"]
[White "dontar"]
[Black "hal50buck"]
[Result "0-1"]
[WhiteElo "1630"]
[BlackElo "1814"]

1. d4 d6 2. Nc3 Nf6 3. d5 Bf5 4. f3 Bd7 5. e4 c6 6. Bc4 b5 7. Bb3 e5 8. a3 cxd5
9. Nxd5 Nc6 10. Bg5 h6 11. Be3 Na5 12. Qd3 Nxb3 13. Qxb3 Nxd5 14. exd5 f5 15. f4
exf4 16. Bxf4 g5 17. Be3 Bg7 18. O-O-O f4 19. Bd4 Bxd4 20. Rxd4 O-O 21. Qd3 Qf6
22. Nf3 g4 23. Nd2 a5 24. Rf1 Bf5 25. Ne4 Qe5 26. Re1 f3 27. g3 f2 28. Rf1 Rfe8
29. Rxf2 Bxe4 30. Rxe4 Qxe4 0-1

[Event "Challenge"]
[Site "http://www.queenalice.com/game.php?id=1097780"]
[Date "2012.8.29"]
[Round "-"]
[White "dontar"]
[Black "hal50buck"]
[Result "1/2-1/2"]
[WhiteElo "1626"]
[BlackElo "1823"]

1. e4 Nc6 2. Nf3 Nf6 3. Nc3 d5 4. e5 Nd7 5. Nxd5 Ndxe5 6. Ne3 Nxf3+ 7. Qxf3 e5
8. Nf5 Bxf5 9. Qxf5 g6 10. Qf3 Bd6 11. Bb5 Qd7 12. Qf6 O-O 13. d3 Bb4+ 14. c3
Qd6 15. Qxd6 Bxd6 16. Be3 Ne7 17. Bh6 Rfd8 18. Bg5 c6 19. Ba4 b5 20. Bd1 f5 21.
Bf3 Rdc8 22. g4 fxg4 23. Bxg4 Nf5 24. b4 h5 25. Bf3 a5 26. bxa5 Rxa5 27. O-O Ra3
28. Rfc1 h4 29. h3 c5 30. Bd5+ Kg7 31. Bb3 c4 32. dxc4 bxc4 33. Bd1 e4 34. Rc2
Be5 35. Bd2 Kf6 36. Rb1 Rca8 37. Ra1 g5 38. Bg4 Bf4 39. Bxf4 gxf4 40. Kf1 Ke5
41. Ke2 f3+ 42. Kf1 Rd8 43. Bxf5 Kxf5 44. Ke1 Rd3 45. Rac1 Ke5 46. Kf1 Ra4 47.
Ke1 Ra3 48. Kf1 Ra7 1/2-1/2

[Event "Challenge"]
[Site "http://www.queenalice.com/game.php?id=1143145"]
[Date "2013.1.21"]
[Round "-"]
[White "dontar"]
[Black "hal50buck"]
[Result "0-1"]
[WhiteElo "1690"]
[BlackElo "1815"]

1. e4 Nc6 2. d4 d5 3. e5 f6 4. Bb5 Bd7 5. Bxc6 Bxc6 6. e6 Qd6 7. Qh5+ g6 8. Qh3
f5 9. Ne2 Qxe6 10. Be3 Nf6 11. Nbc3 O-O-O 12. Bf4 b5 13. f3 b4 14. Nd1 Bb5 15.
Be5 Bxe2 16. Kxe2 Nd7 17. f4 Nxe5 18. Qe3 Qa6+ 19. Ke1 Nc4 20. Qd3 Qe6+ 21. Kf2
Bg7 22. Re1 Qd6 23. a3 Qxf4+ 24. Kg1 Bxd4+ 0-1

[Event "Challenge"]
[Site "http://www.queenalice.com/game.php?id=1165902"]
[Date "2013.3.29"]
[Round "-"]
[White "dontar"]
[Black "hal50buck"]
[Result "0-1"]
[WhiteElo "1698"]
[BlackElo "1826"]

1. e4 Nc6 2. Nc3 e6 3. Nf3 d5 4. e5 d4 5. Ne4 Nxe5 6. Nxe5 Qd5 7. Nxf7 Qxe4+ 8.
Qe2 Qxe2+ 9. Bxe2 Kxf7 10. d3 Bb4+ 11. Bd2 Bxd2+ 12. Kxd2 c5 13. Bf3 Nf6 14.
Rae1 Bd7 15. Kc1 Nd5 16. a3 Rad8 17. Be4 b5 18. g3 Kg8 19. h4 a5 20. h5 Nf6 21.
h6 gxh6 22. Rxh6 Kg7 23. Rh4 Nxe4 24. Rexe4 a4 25. Re5 Rc8 26. Rf4 Rhf8 27. Rg5+
Kh8 28. Rxf8+ Rxf8 29. f4 c4 30. dxc4 bxc4 31. Ra5 Rg8 32. Ra7 Bc6 33. Ra6 Bd5
34. Ra5 Rxg3 35. f5 d3 36. fxe6 Bxe6 37. cxd3 Rg1+ 38. Kd2 Rg2+ 39. Kc3 Rg3 40.
Re5 Rxd3+ 41. Kc2 Bg8 42. Ra5 Kg7 43. Rxa4 h5 44. Ra5 Kg6 45. b4 h4 46. a4 h3
47. Re5 h2 48. Re1 Bd5 49. a5 Rg3 50. a6 Rg1 51. Rxg1+ hxg1=Q 52. b5 Qd4 53. a7
Be4+ 54. Kc1 c3 55. a8=Q Qd2# 0-1

[Event "Challenge"]
[Site "http://www.queenalice.com/game.php?id=1191940"]
[Date "2013.6.18"]
[Round "-"]
[White "dontar"]
[Black "hal50buck"]
[Result "0-1"]
[WhiteElo "1687"]
[BlackElo "1837"]

1. d4 d5 2. Nc3 Nc6 3. Nf3 Nf6 4. e3 Bg4 5. h3 Bxf3 6. Qxf3 e5 7. Bb5 Bd6 8.
Bxc6+ bxc6 9. e4 exd4 10. Ne2 dxe4 11. Qf5 g6 12. Qg5 h6 13. Qd2 c5 14. c4 a5
15. a4 Qb8 16. Ra3 d3 17. Nc3 Qb4 18. Nb5 Qxc4 19. Qc3 Qe6 20. Be3 Qe7 21. Bd4
cxd4 22. Qc6+ Kf8 23. Qxa8+ Kg7 24. Qxa5 Bxa3 25. bxa3 Qc5 26. O-O c6 27. Qc7 g5
28. Qd6 Qxd6 29. Nxd6 c5 30. Rd1 Ra8 31. Nf5+ Kg6 32. g4 Rxa4 33. Rc1 Rxa3 34.
Rxc5 d2 0-1

[Event "Challenge"]
[Site "http://www.queenalice.com/game.php?id=1299998"]
[Date "2014.8.7"]
[Round "-"]
[White "dontar"]
[Black "hal50buck"]
[Result "0-1"]
[WhiteElo "1737"]
[BlackElo "1847"]

1. e4 Nc6 2. Nf3 d5 3. Nc3 d4 4. Nd5 e6 5. Nf4 e5 6. Nd5 f5 7. d3 Nf6 8. Bg5 Be6
9. Nxf6+ gxf6 10. Bd2 Bc5 11. Nh4 fxe4 12. dxe4 Qe7 13. a3 O-O-O 14. Bd3 Qg7 15.
g3 Ne7 16. Qe2 Qg8 17. O-O Kb8 18. b4 Bd6 19. a4 h5 20. b5 Bg4 21. f3 Bh3 22.
Rfb1 Be6 23. a5 Bc5 24. Bb4 Bxb4 25. Rxb4 Nc8 26. b6 axb6 27. Rba4 c5 28. Bb5
Rh7 29. a6 bxa6 30. Bxa6 Ra7 31. Bxc8 Rxa4 32. Rxa4 Bxc8 33. Qb5 Kb7 34. Ra6 Rd6
35. Qa4 Qg5 36. Ra7+ Kb8 37. Ra8+ Kc7 38. Qa7+ Bb7 39. Rb8 Kc6 40. Qxb7+ Kb5 41.
Nf5 Qc1+ 42. Kg2 Qxc2+ 43. Kh3 Rc6 44. Qd7 d3 45. Rd8 c4 46. Nd6+ Kc5 47. Nb7+
Kb5 48. Qd5+ Kb4 49. Qxc6 b5 50. Rd5 Kc3 51. Qxb5 Kd2 52. Qb4+ Ke2 53. Qd6 Kf1
54. Qxf6 Qg2+ 55. Kh4 Qb2 56. Qxe5 Qxe5 57. Rxe5 d2 58. Rd5 c3 59. Na5 c2 60.
Nb3 d1=Q 61. Rxd1+ cxd1=Q 62. Nd2+ Qxd2 63. Kxh5 Kg2 64. f4 Kxh2 0-1

[Event "Challenge"]
[Site "http://www.queenalice.com/game.php?id=1309858"]
[Date "2014.9.22"]
[Round "-"]
[White "dontar"]
[Black "hal50buck"]
[Result "0-1"]
[WhiteElo "1742"]
[BlackElo "1859"]

1. d4 d5 2. Bd2 Nc6 3. Bc3 Bf5 4. e3 e6 5. Nf3 Nf6 6. Bd3 Ne4 7. Nbd2 Bd6 8. a3
a6 9. Ne5 Nxc3 10. bxc3 Nxe5 11. dxe5 Bxe5 12. Bxf5 exf5 13. Nb1 Qd6 14. f4 Bf6
15. O-O g6 16. Qd3 O-O 17. a4 Qc5 18. Ra3 Rae8 19. Rf3 Re4 20. Kf2 Rfe8 21. Nd2
Qxa3 0-1